Big & Rich Charting Songs (Billboard Hot 100) - Statistics

General Stats
  • This quiz has been taken 5 times
  • The average score is 4 of 8
Answer Stats
Album Weeks On Peak Artist(s) Song % Correct
Comin' to Your City 6 Weeks #72 Big & Rich Comin' to Your City
75%
Horse of a Different Color 9 Weeks #56 Big & Rich Save a Horse (Ride a Cowboy)
75%
Comin' to Your City 2 Weeks #94 Big & Rich 8th of November
50%
Horse of a Different Color 7 Weeks #75 Big & Rich Holy Water
50%
Gravity 14 Weeks #73 Big & Rich Look at You
50%
Between Raising Hell and Amazing Grace 20 Weeks #36 Big & Rich Lost In This Moment
50%
Horse of a Different Color 9 Weeks #85 Big & Rich Wild West Show
50%
Hillbilly Jedi 10 Weeks #82 Big & Rich That's Why I Pray
25%
No matching quizzes found
Score Distribution
Percent of People with Each Score
Percentile by Number Answered
Your Score History
You have not taken this quiz